MARC details
| 000 -CABECERA |
| campo de control de longitud fija |
05283nam a2200529Ia 4500 |
| 001 - NÚMERO DE CONTROL |
| campo de control |
dia_6725 |
| 003 - IDENTIFICADOR DEL NÚMERO DE CONTROL |
| campo de control |
CHAP |
| 005 - FECHA Y HORA DE LA ÚLTIMA TRANSACCIÓN |
| campo de control |
20240717122240.0 |
| 007 - CAMPO FIJO DE DESCRIPCIÓN FÍSICA--INFORMACIÓN GENERAL |
| campo de control de longitud fija |
ta |
| 008 - DATOS DE LONGITUD FIJA--INFORMACIÓN GENERAL |
| campo de control de longitud fija |
220117s2017 mx ade rm 001 0 spa d |
| 010 ## - NÚMERO DE CONTROL DE LA BIBLIOTECA DEL CONGRESO |
| Número de control de LC |
178890 |
| 040 ## - FUENTE DE LA CATALOGACIÓN |
| Centro/agencia transcriptor |
CHAP |
| Centro catalogador/agencia de origen |
mxchpua |
| 041 0# - CÓDIGO DE LENGUA |
| Código de lengua del texto/banda sonora o título independiente |
spa |
| Código de lengua del sumario o resumen |
eng |
| 090 ## - LOCALMENTE ASIGNADO TIPO-LC NÚMERO DE CLASIFICACIÓN (OCLC); NÚMERO DE CLASIFICACIÓN LOCAL (RLIN) |
| Número de clasificación (OCLC) (R) ; Numero de clasificación, CALL (RLIN) (NR) |
Tesis |
| Número cutter local (OCLC) ; Número de libro/Signatura topográfica íntegra, CALL (RLIN) |
E87 |
| año |
2017 |
| 100 10 - ENTRADA PRINCIPAL--NOMBRE DE PERSONA |
| Nombre de persona |
Espinosa Corredor, Dámaris Jocelyn |
| 240 10 - TÍTULO UNIFORME |
| Título uniforme |
Study of technical and economic feasibility for the establishment of a tuna (Opuntia spp) packing center located in the municipality of Axapusco, Edo. de México. |
| Lenguaje de la obra |
Español |
| 245 10 - MENCIÓN DE TÍTULO |
| Título |
Estudio de factibilidad técnico-económico para el establecimiento de una empacadora de tuna (Opuntia spp.) en el municipio de Axapusco, Edo. de México / |
| Mención de responsabilidad, etc. |
Dámaris Jocelyn Espinosa Corredor y Tania Rodríguez Rámirez |
| 264 ## - PRODUCCIÓN, PUBLICACIÓN, DISTRIBUCIÓN, FABRICACIÓN Y COPYRIGHT |
| Producción, publicación, distribución, fabricación y copyright |
Chapingo, México : |
| Nombre del de productor, editor, distribuidor, fabricante |
El autor, |
| Fecha de producción, publicación, distribución, fabricación o copyright |
2017 |
| 300 ## - DESCRIPCIÓN FÍSICA |
| Extensión |
xii, 112 hojas : |
| Otras características físicas |
ilustraciones, gráficas, diagramas, tablas, planos + |
| Material acompañante/anejo |
1 CD-ROM |
| 336 ## - TIPO DE CONTENIDO |
| Fuente |
rdacontent |
| Término de tipo de contenido |
texto |
| Código de tipo de contenido |
txt |
| 337 ## - TIPO DE MEDIO |
| Fuente |
rdamedia |
| Nombre/término del tipo de medio |
no mediado |
| Código del tipo de medio |
n |
| 338 ## - TIPO DE SOPORTE |
| Fuente |
rdacarrier |
| Nombre/término del tipo de soporte |
volumen |
| Código del tipo de soporte |
nc |
| 500 ## - NOTA GENERAL |
| Nota general |
El CD contiene reporte y artículo --<br/>Los planos están contenidos en el reporte |
| 502 ## - NOTA DE TESIS |
| Nota de tesis |
Formulación y Evaluación de Proyectos |
| Tipo de título |
(Ingeniero Agroindustrial) -- |
| Nombre de la institución que otorga el título |
UACh. Departamento de Ingeniería Agroindustrial, |
| Año de obtención del título |
2017 |
| 504 ## - NOTA DE BIBLIOGRAFÍA, ETC. |
| Nota de bibliografía, etc. |
Bibliografía: hojas 88-92 |
| 505 ## - NOTA DE CONTENIDO CON FORMATO |
| Nota de contenido con formato |
6 planos --<br/>1. Plano de distribución de áreas planta baja --<br/>2. Plano de distribución de áreas planta alta --<br/>3. Diseño de camara frigorífica --<br/>4. Plano de distribución de maquinaria y equipo --<br/>5. Plano de iluminación planta baja --<br/>6. Diagrama de flujo |
| 520 3# - SUMARIO, ETC. |
| Sumario, etc. |
En este estudio se evalúan un conjunto de factores técnicos, económicos, sociales y ambientales para determinar la factibilidad y el riesgo de establecer una Empacadora de Tuna en el Municipio de Axapusco, Edo. De México. Para ello, se realizó una investigación acerca de la disponibilidad de la materia prima y un estudio de mercado, aunado a esto, se plantea una propuesta de organización social y los montos de inversión total. Axapusco es un municipio adecuado para el establecimiento de la empacadora ya que el terreno donde se prevé ubicarla se encuentra en la zona productora de tuna, en consecuencia, las vías de comunicación son de fácil acceso, y se tiene un mercado potencial en constante crecimiento. La metodología utilizada fue propuesta por Razo (2017), en la cual se analizan los pilares del proyecto: diagnóstico del área, estudio de mercado y materias primas, evaluación social y administrativa, el estudio técnico y de ingeniería, el análisis financiero y evaluación del impacto socio-ambiental. Los resultados obtenidos de este proyecto muestran que se necesita una inversión inicial de $ 38,651, 697.56. Analizando la proyección a 10 años los indicadores económicos obtenidos fueron los siguiente: Tasa Interna de Retorno (TIR) 99.62 %, con un Valor Actual Neto (VAN) de $173, 213, 436.74 y una relación B/C de 1.20 |
| 520 3# - SUMARIO, ETC. |
| Sumario, etc. |
This study evaluates a set of technical, economic, social and environmental factors to determine the feasibility and risk of establishing a tuna packer building in the municipality of Axapusco, State of Mexico. For this, an investigation was made on the availability of the raw material and a market study, together with this, a proposal of social organization and the total investment amounts. Axapusco is a suitable municipality for the establishment of the packer since the land where it is expected to be located, is in the production area of tuna, consequently, the communication ways are easily accessible, and there is a potential market in constant growth. The methodology used was proposed by Razo (2017), which analyzes the cornerstone of the project: area diagnosis, market and raw materials study, social and administrative evaluation, technical and engineering study, financial analysis and evaluation of social and enviromental impact. The results obtained from this project shown that the initial investment of $38,697,697.56 is needed. Analyzing the 10-year projection, the economic indicator obtained were as follows: Internal Rate of Return (IRR) 99.62 %, with Net Present Value (NPV) of $173, 213, 436.74 and a B/C ratio of 1.20. |
| 650 13 - PUNTO DE ACCESO ADICIONAL DE MATERIA--TÉRMINO DE MATERIA |
| Término de materia o nombre geográfico como elemento de entrada |
Iniciativa empresarial |
| Fuente del encabezamiento o término |
atg |
| Subdivisión geográfica |
México |
| -- |
México (Estado) |
| 650 13 - PUNTO DE ACCESO ADICIONAL DE MATERIA--TÉRMINO DE MATERIA |
| Término de materia o nombre geográfico como elemento de entrada |
Opuntia ficus-indica |
| Subdivisión general |
Calidad del producto |
| Fuente del encabezamiento o término |
atg |
| 650 13 - PUNTO DE ACCESO ADICIONAL DE MATERIA--TÉRMINO DE MATERIA |
| Término de materia o nombre geográfico como elemento de entrada |
Opuntia ficus-indica |
| Subdivisión general |
Industria y comercio |
| Fuente del encabezamiento o término |
atg |
| Subdivisión geográfica |
México |
| 650 13 - PUNTO DE ACCESO ADICIONAL DE MATERIA--TÉRMINO DE MATERIA |
| Término de materia o nombre geográfico como elemento de entrada |
Opuntia ficus-indica |
| Subdivisión general |
Plantas empacadoras |
| Fuente del encabezamiento o término |
atg |
| 650 13 - PUNTO DE ACCESO ADICIONAL DE MATERIA--TÉRMINO DE MATERIA |
| Término de materia o nombre geográfico como elemento de entrada |
Opuntia ficus-indica |
| Subdivisión general |
Industry and trade |
| Fuente del encabezamiento o término |
atg |
| Subdivisión geográfica |
Mexico |
| 650 13 - PUNTO DE ACCESO ADICIONAL DE MATERIA--TÉRMINO DE MATERIA |
| Término de materia o nombre geográfico como elemento de entrada |
Entrepreneurship |
| Fuente del encabezamiento o término |
atg |
| Subdivisión geográfica |
Mexico |
| -- |
Mexico (State) |
| 650 13 - PUNTO DE ACCESO ADICIONAL DE MATERIA--TÉRMINO DE MATERIA |
| Término de materia o nombre geográfico como elemento de entrada |
Opuntia ficus-indica |
| Subdivisión general |
Packing houses |
| Fuente del encabezamiento o término |
atg |
| 650 13 - PUNTO DE ACCESO ADICIONAL DE MATERIA--TÉRMINO DE MATERIA |
| Término de materia o nombre geográfico como elemento de entrada |
Opuntia ficus-indica |
| Subdivisión general |
Product quality |
| Fuente del encabezamiento o término |
atg |
| 700 1# - PUNTO DE ACCESO ADICIONAL--NOMBRE DE PERSONA |
| Nombre de persona |
Rodríguez Ramírez, Tania |
| Término indicativo de función/relación |
autora |
| 700 1# - PUNTO DE ACCESO ADICIONAL--NOMBRE DE PERSONA |
| Nombre de persona |
Razo López, Francisco |
| Término indicativo de función/relación |
director |
| 700 1# - PUNTO DE ACCESO ADICIONAL--NOMBRE DE PERSONA |
| Nombre de persona |
Ascencio Rivera, J. Rogelio |
| Término indicativo de función/relación |
asesor |
| 700 1# - PUNTO DE ACCESO ADICIONAL--NOMBRE DE PERSONA |
| Nombre de persona |
Mena Nevárez, Gustavo |
| Término indicativo de función/relación |
asesor |
| 856 41 - LOCALIZACIÓN Y ACCESO ELECTRÓNICOS |
| Identificador Uniforme del Recurso |
<a href="http://10.13.5.2/tesis/sist114698.pdf">http://10.13.5.2/tesis/sist114698.pdf</a> |
| Texto de enlace |
DESCARGAR PDF |
| 901 ## - ELEMENTOS DE DATOS A LOCAL LDA (RLIN) |
| a |
TESIS E87 2017 |
| 942 ## - ELEMENTOS DE PUNTO DE ACCESO ADICIONAL (KOHA) |
| Tipo de ítem Koha |
TESIS |
| Fuente del sistema de clasificación o colocación |
Clasificación Universidad Autónoma Chapingo |
| 902 ## - ELEMENTOS DE DATOS B LOCAL, LDB (RLIN) |
| a |
M |
| 905 ## - ELEMENTOS DE DATOS E LOCAL, LDE (RLIN) |
| a |
5232272017 mx enml8223123322spa16 |